| Tag |
First Indicator |
Second Indicator |
Subfields |
| LEADER |
00000cam a2200000 a 4500 |
| 001 |
in00002787898 |
| 005 |
20211120170516.0 |
| 006 |
m o d f |
| 007 |
cr bn||||||||| |
| 008 |
121116s2012 dcu ob f000 0 eng c |
| 035 |
|
|
|a (OCoLC)ocn818357818
|
| 040 |
|
|
|a GPO
|b eng
|c GPO
|d GPO
|d OCLCA
|d OCLCO
|d OCLCF
|d GPO
|d MvI
|d UtOrBLW
|
| 042 |
|
|
|a pcc
|
| 043 |
|
|
|a n-us---
|a p------
|
| 049 |
|
|
|a WWW
|
| 050 |
1 |
4 |
|a KF27
|b .W348 2011c
|
| 074 |
|
|
|a 1028-C (online)
|
| 086 |
0 |
|
|a Y 4.W 36:112-TR 4
|
| 088 |
|
|
|a Serial no. 112-TR4 (United States. Congress. House. Committee on Ways and Means)
|
| 110 |
1 |
|
|a United States.
|b Congress.
|b House.
|b Committee on Ways and Means.
|b Subcommittee on Trade.
|
| 245 |
1 |
0 |
|a Trans-Pacific partnership :
|b hearing before the Subcommittee on Trade of the Committee on Ways and Means, U.S. House of Representatives, One Hundred Twelfth Congress, first session, December 14, 2011.
|
| 246 |
3 |
|
|a Trans Pacific Partnership
|
| 264 |
|
1 |
|a Washington :
|b U.S. G.P.O.,
|c 2012.
|
| 300 |
|
|
|a 1 online resource (iii, 97 pages)
|
| 336 |
|
|
|a text
|b txt
|2 rdacontent
|
| 337 |
|
|
|a computer
|b c
|2 rdamedia
|
| 338 |
|
|
|a online resource
|b cr
|2 rdacarrier
|
| 500 |
|
|
|a Title from title screen (viewed on Nov. 16, 2012).
|
| 504 |
|
|
|a Includes bibliographical references.
|
| 500 |
|
|
|a "Serial number 112-TR4 ."
|
| 500 |
|
|
|a Electronic resource.
|
| 630 |
0 |
0 |
|a Trans-Pacific Strategic Economic Partnership Agreement
|d (2005 June 3)
|
| 650 |
|
0 |
|a Free trade
|z United States.
|
| 650 |
|
0 |
|a Free trade
|z Pacific Area.
|
| 651 |
|
0 |
|a United States
|x Commerce
|z Pacific Area.
|
| 651 |
|
0 |
|a Pacific Area
|x Commerce
|z United States.
|
| 630 |
0 |
7 |
|a Trans-Pacific Strategic Economic Partnership Agreement (2005 June 3)
|2 fast
|0 (OCoLC)fst01917464
|
| 650 |
|
7 |
|a Commerce.
|2 fast
|0 (OCoLC)fst00869279
|
| 650 |
|
7 |
|a Free trade.
|2 fast
|0 (OCoLC)fst00933944
|
| 651 |
|
7 |
|a Pacific Area.
|2 fast
|0 (OCoLC)fst01243504
|
| 651 |
|
7 |
|a United States.
|2 fast
|0 (OCoLC)fst01204155
|
| 655 |
|
7 |
|a Legislative hearings.
|2 lcgft
|
| 776 |
0 |
8 |
|i Microfiche version:
|a United States. Congress. House. Committee on Ways and Means. Subcommittee on Trade.
|t Trans-Pacific partnership
|w (OCoLC)831813088
|
| 776 |
0 |
8 |
|i Print version:
|a United States. Congress. House. Committee on Ways and Means. Subcommittee on Trade.
|t Trans-Pacific partnership
|w (OCoLC)820836161
|
| 856 |
4 |
0 |
|u https://purl.fdlp.gov/GPO/gpo31441
|t 0
|
| 999 |
|
|
|a MARS
|
| 999 |
f |
f |
|s 23d11ee4-a63c-3412-abef-eb8db84700cf
|i f0fa2658-a786-3d65-8665-ed2cf83aea3e
|t 0
|
| 952 |
f |
f |
|a Texas A&M University
|b College Station
|c Electronic Resources
|d Available Online
|t 0
|e Y 4.W 36:112-TR 4
|h Superintendent of Documents classification
|
| 998 |
f |
f |
|a Y 4.W 36:112-TR 4
|t 0
|l Available Online
|